Detalles MARC
| 000 -ENCABEZADO |
| Número de control [NR] |
03462nam a2200337Ia 4500 |
| 005 - FECHA Y HORA DE LA ÚLTIMA TRANSACCIÓN |
| control field |
20140529100526.0 |
| 008 - DE LONGITUD FIJA DE DATOS DE ELEMENTOS - INFORMACIÓN GENERAL |
| Elementos de longitud fija [NR] |
130821s2005 xx gs spa |
| 040 ## - FUENTE DE CATALOGACION [NR] |
| Agencia de catalogación original [NR] |
Co-BoUCM |
| Idioma de catalogación [NR] |
spa |
| Quien Cataloga |
Jose A. Gerena (modificó) |
| Quien Clasifica |
[Nuevo] |
| 041 00 - CODIGO DE IDIOMA [R] |
| Código de idioma para texto/pista de sonido o título separado [R] |
Español |
| 092 ## - SIGNATURA TOPOGRAFICA LOCAL |
| Número de clasificación local |
DVD 0477 |
| 245 14 - MENCION DE TITULO [NR] |
| Título [NR] |
Los edukadores |
| Mención de responsabilidad, etc. [NR] |
Hans Weingartner, director |
| Medio físico [NR] |
[DVD] |
| 246 #4 - FORMA VARIANTE DEL TITULO [R] |
| Título propiamente dicho/forma breve del título [NR] |
The edukators |
| 260 ## - PUBLICACION, DISTRIBUCION, ETC. (PIE DE IMPRENTA) [R] |
| Lugar de publicación, distribución, etc. [R] |
[Lugar desconocido] |
| Nombre del editor, distribuidor, etc. [R] |
Y3 Film; Coop 99 |
| Fecha de publicación, distribución, etc. [R] |
2005 |
| 300 ## - DESCRIPCION FISICA [R] |
| Extensión [R] |
1 DVD, 127 minutos |
| Otros detalles físicos [NR] |
imagen, sonido, color |
| 500 ## - NOTA GENERAL [R] |
| Nota general [NR] |
Sinopsis : Jule es una camarera que trabaja para pagar la deuda por haber chocado un lujoso auto de un millonario(Hardenberg), debido a los compromisos de la deuda no puede pagar la renta y debe mudarse con su novio Peter que a la vez comparte el apartamento con su amigo Jan. Daniel Brühl interpreta a Jan.Peter decide tomar vacaciones en Barcelona, por lo que deja a su novia con Jan quien revela a esta las actividades a que se dedican con Peter durante las noches, los jóvenes entran a las casas de personas millonarias desordenan las cosas y dejan mensajes como "Sus días de abundancia están contados" con lo que pretenden causar terror psicológico a los millonarios ya que no roban nada. Jule pide a Jan entrar a la casa de Hardenberg quien adeuda el dinero y que se encuentra de vacaciones. Tras realizar sus actividades Jule olvida su teléfono celular en la mansión por lo que se ven obligados a regresar. Ya adentro son vistos por Hardenberg quien regresa inesperadamente, por lo que deciden llamar a Peter quien también ha regresado de su viaje y entre los tres deciden tomar como rehén a Hardenberg conduciéndolo a una casa de campo de un pariente de Jule donde permanecen por varios días mientras resuelven qué deben hacer. Allí se genera una relación sentimental entre Jan y Jule que afecta la relación de amistad entre los tres, finalmente deciden regresar a Hardenberg a su hogar quien promete no denunciarlos, luego aparentemente no cumple su promesa y al poco tiempo acude con un operativo policial a la vivienda de los jóvenes, allí encuentran la casa vacía y en la pared una nota que dice "Manche Menschen öndern sich nie" (algunas personas nunca cambian). Peter, Jan y Jule ya han "escapado" a Barcelona después de haber solucionado sus diferencias y desde allí continúan con sus planes anticapitalistas, utilizando el yate y los recursos que financia Hardenberg, consumándose la idea anterior de Peter de volar las antenas de una isla de telecomunicaciones poco vigilada que provee la señal de televisión a gran parte de Europa Occidental. |
| 508 ## - NOTA DE CREDITOS DE CREACION/PRODUCCION [R] |
| Nota de créditos de creación/producción [NR] |
Créditos : Dirección, Hans Weingartner; Guión: Katharina Held, Hans Weingartner; Música, Andreas Wodraschke; Fotografía, Daniela Knapp. |
| 511 ## - NOTA DE PARTICIPANTE O INTERPRETE [R] |
| Nota de participante o intérprete [NR] |
Reparto : Julia Jentsch, Daniel Brühl, Stipe Erceg, Burghart Klaussner. |
| 546 ## - NOTA DE IDIOMA [R] |
| Nota de idioma [NR] |
Audio en Alemán. Subtítulos en Español. |
| 650 04 - ASIENTO SECUNDARIO DE MATERIA - TERMINO TEMATICO [R] |
| Término temático o nombre geográfico como elemento de entrada [NR] |
Adolescentes en el cine |
| Subdivisión de forma [R] |
DVD |
| 9 (RLIN) |
8633 |
| 650 #7 - ASIENTO SECUNDARIO DE MATERIA - TERMINO TEMATICO [R] |
| Término temático o nombre geográfico como elemento de entrada [NR] |
Criminales ocasionales |
| Subdivisión de forma [R] |
DVD |
| 9 (RLIN) |
12151 |
| 650 #7 - ASIENTO SECUNDARIO DE MATERIA - TERMINO TEMATICO [R] |
| Término temático o nombre geográfico como elemento de entrada [NR] |
Entretenimiento |
| 9 (RLIN) |
26487 |
| 650 #7 - ASIENTO SECUNDARIO DE MATERIA - TERMINO TEMATICO [R] |
| Término temático o nombre geográfico como elemento de entrada [NR] |
Películas cinematográficas |
| Subdivisión geográfica [R] |
Alemania |
| Subdivisión de forma [R] |
DVD |
| 9 (RLIN) |
7903 |
| 650 #7 - ASIENTO SECUNDARIO DE MATERIA - TERMINO TEMATICO [R] |
| Término temático o nombre geográfico como elemento de entrada [NR] |
Sociología |
| 9 (RLIN) |
386 |
| Subdivisión de forma [R] |
DVD |
| 690 ## - ASUNTO AGREGADO LOCAL DE ENTRADA - TÉRMINO TEMÁTICO (OCLC, RLIN) |
| 9 (RLIN) |
42805 |
| Acceso temático local |
Entretenimiento |
| 700 1# - ASIENTO SECUNDARIO - NOMBRE PERSONAL [R] |
| Nombre personal [NR] |
Weingartner, Hans |
| Fechas asociadas con el nombre [NR] |
1970- |
| Término de relación [R] |
director |
| 9 (RLIN) |
61939 |
| 710 2# - ASIENTO SECUNDARIO - NOMBRE CORPORATIVO [R] |
| Nombre corporativo o de jurisdicción como elemento de entrada [NR] |
Coop 99 |
| 9 (RLIN) |
61940 |
| 710 2# - ASIENTO SECUNDARIO - NOMBRE CORPORATIVO [R] |
| Nombre corporativo o de jurisdicción como elemento de entrada [NR] |
Y3 Film |
| 9 (RLIN) |
61941 |
| 765 #4 - ASIENTO DE IDIOMA ORIGINAL [R] |
| Asiento principal [NR] |
Die fetten jahre sind vorbei |
| 856 04 - LOCALIZACION Y ACCESO ELECTRONICOS [R] |
| Identificador Uniforme del Recurso (“URI”) [R] |
<a href="http://www.youtube.com/watch?v=UyT8bEa4XYA">http://www.youtube.com/watch?v=UyT8bEa4XYA</a> |
| Nota dirigida al público [R] |
Siga este vínculo para ver el trailer. |
| 942 ## - ELEMENTOS DE ENTRADA AGREGADOS (KOHA) |
| Koha item type |
Multimedia |
| Source of classification or shelving scheme |
LOCAL |
| Tema principal |
Sociología |
| Edition |
1 |